| 000 | 00464nam a22001577a 4500 | ||
|---|---|---|---|
| 005 | 20250326115140.0 | ||
| 008 | 250326b |||||||| |||| 00| 0 eng d | ||
| 020 | _a9780684837024 | ||
| 050 |
_aHD9596 _b.S44 AME |
||
| 100 | _aAmelio, Gil | ||
| 245 |
_aProfit from experience; _bpractical, proven skills for transforming your organization |
||
| 260 |
_aNew York _bA touchston-book _cc1997 |
||
| 300 | _axxv, 309p | ||
| 700 | _aSimon, William L. | ||
| 942 |
_2lcc _cBK _n0 |
||
| 999 |
_c5205 _d5205 |
||